| 000 | 00599nam a22001577a 4500 | ||
|---|---|---|---|
| 003 | OSt | ||
| 005 | 20151204141312.0 | ||
| 008 | 151204b xxu||||| |||| 00| 0 eng d | ||
| 040 | _cRUA | ||
| 082 | _aFIS TIT 2003 B186 Or.1 | ||
| 100 |
_94277 _aTIT, CHAN. |
||
| 245 | _aFeeding strategies on the growth performance of the pangasianodon hypophthalmus seed, ឥទ្ធិពលនៃចំណីខុសគ្នាលើកំរិតលូតលាស់របស់កូនត្រីប្រាពូជ | ||
| 260 |
_aPhnom Penh _bRUA _c2003 |
||
| 300 |
_a36p. _bill. _c29cm. |
||
| 942 |
_2ddc _cFIS |
||
| 999 |
_c3991 _d3991 |
||